| 000 | 03089njm a2200313 a 4500 | ||
|---|---|---|---|
| 003 | BLK | ||
| 005 | 20241004090759.0 | ||
| 007 | sd ammalaaahaa | ||
| 008 | 240822b bul||n|| |||||||| n|bulo| | ||
| 028 | _a845070 | ||
| 040 | _aBLK | ||
| 041 |
_aDEU _cDEU |
||
| 080 |
_aОпера. Музикална драма. Романтична опера. Опера-приказка _b782.1 _x(430)(086.72) _z782.1(430)(086.72) |
||
| 100 |
_9495032 _aKunneke, Eduard |
||
| 245 |
_aDer Vetter aus Dingsda _cEduard Kunneke ; Symphonie Orchester Graunke ; dirigent Will Mattes. |
||
| 245 |
_aSchwarzwaldmadel _b(Querschnitte) _cLeon Jessel ; Symphonie Orchester Graunke ; dirigent Will Mattes ; Operettenchor, Leitung Cornelius Eberhardt. |
||
| 260 |
_aBerlin _bDeutsche Schallplatten _c1970 _9215027 |
||
| 300 |
_a1 грамофонна плоча _b33 об./мин., stereo _c30 см |
||
| 380 | _a7 | ||
| 490 |
_9493969 _aAmiga |
||
| 500 | _aA: (01) Erika Köth - Introduktion / Strahlender Mond (02) Erika Köth & Christine Görner & Jürgen Förster - O werter Verehrter / Überleg dir's (03) Erika Köth & Christine Görner - Rein wird gemacht / Onkel und Tante (04) Erika Köth & Heinz Hoppe - Nicht wahr, hier ist's wie im Zauberreich / ich trink' auf dein lachendes Augenpaar (05) Erika Köth & Christine Görner & Heinz Hoppe - Doch sag, wie soll ich dir danken / Ich bin nur ein armer Wandergesell' (06) Heinz Hoppe & Karl-Heinz Hauer & Ursula Schade & Erika Köth & Christine Görner & Jürgen Förster - Ganz unverhofft kommt oft das Glück / Der Roderich (07) Erika Köth & Heinz Hoppe - Weißt du noch, wie wir als Kinder gespielt / Kindchen, du mußt nicht so schrecklich viel denken (08) Christine Görner & Jürgen Förster - Ich hab' an sie nur stets gedacht / Mann, o Mann (09) Heinz Hoppe & Karl-Heinz Hauer & Ursula Schade & Erika Köth & Christine Görner & Jürgen Förster - Sieben Jahre lebt' ich in Batavia B: (10) Kurt Böhme & Erika Köth - Introduktion / O sancta Caecilia / O Cäcilie, o Cäcilie (11) Heinz Hoppe & Harry Friedauer & Erika Köth & Kurt Böhme - Wir wandern durch die weite Welt / Wir sind auf der Walz' (12) Erika Köth - Schöner Tänzer, du entschwindest / O Bli, Bla, Blasius (13) Erika Köth & Christine Görner & Harry Friedauer - Flink durchs kleine Städtele / Mädle aus dem schwarzen Wald (14) Harry Friedauer & Christine Görner - Mein Fräulein, ach ich warne sie / Lockende Augen holder Sirenen (15) Harry Friedauer & Christine Görner - Ich liebte manche Frau schon / Malwine, ach Malwine (16) Erika Köth & Kurt Böhme - Alle werden sich drehen / Erklingen zum Tanze die Geigen (17) Erika Köth & Kurt Böhme & Heinz Hoppe & Harry Friedauer & Jürgen Förster - Wenn die Sonn' am Himmel lacht / Erklingen zum Tanze die Geigen | ||
| 650 | 0 |
_9315976 _aОпера, комична |
|
| 700 |
_9495034 _aMattes, Will |
||
| 700 |
_9495035 _aEberhardt, Cornelius |
||
| 710 |
_9495033 _aSymphonie Orchester Graunke |
||
| 852 |
_aФ ІІ 2045 _bЦб |
||
| 942 |
_cGPL _n0 |
||
| 944 |
_a30540 _cСевдалина Тодорова _k30540 _lСевдалина Тодорова |
||
| 999 |
_c518380 _d518380 |
||